000 00583nam a2200205Ia 4500
003 GCL
008 140319s9999 xx 000 0 ara d
040 _aGCL /
_cGCL
082 0 4 _a371.9
_bر ط
100 1 _aراشد محمد الشنطى
245 1 0 _aطرق دراسة الطفولة /
_cراشد محمد الشنطى
700 1 _aعودة عبد الجواد ابو سنة
300 _a144 ص
490 _a
650 0 4 _aالتربية
650 0 4 _aالاطفال
650 0 4 _aتعليم الاطفال
650 0 4 _aالاطفال - تربية
942 _2ddc
_cBK
999 _c44519
_d44519